Normal view
MARC view
Entry Geographic Name
001 - CONTROL NUMBER
- control field: 22958
003 - CONTROL NUMBER IDENTIFIER
- control field: ARRUPE
005 - DATE AND TIME OF LATEST TRANSACTION
- control field: 20160315151914.0
008 - FIXED-LENGTH DATA ELEMENTS
- fixed length control field: 160315|| aca||aabn | a|a d
040 ## - CATALOGING SOURCE
- Original cataloging agency: ARRUPE
- Transcribing agency: ARRUPE
151 ## - HEADING--GEOGRAPHIC NAME
- Geographic name: United States
- General subdivision: Religion
- Chronological subdivision: 1901-1945
- General subdivision: Congresses.
670 ## - SOURCE DATA FOUND
- Source citation: Work cat.: (ARRUPE)0: Religion and twentieth-century American intellectual life /, 1989.